00709nam a2200241 a 4500001001300000003000900013005001700022008004100039020001000080082001800090100002900108245005600137260003200193300000900225500003500234505001000269650001100279700002900290902000800319942000700327952011800334999001500452nice12345678IN_TiNIC20260116011506.0050524s1925 kana grp 000 0 urd  ac10000a297.1247bSAN aSanaani, Raziuddin Hasan aMashariqul Anwaar (tr.Into Urdu as Tohfatul Akhyar) aKanpurbQaiyoom Pressc1925 a400p aincludes index and biblioraphy2 aIndex aHadith1 aSanaani, Raziuddin Hasan bSRS cBK 001040708StackRoom-aHMIbHMId2007-08-08g100.00l0o297.1247 SANp03094r2007-08-08v100.00w2005-05-24yBK c2016d2016